00529 2200193 4500001002100000005001700021008004100038035002500079090001500104100001200119245005500131260002800186300002800214650003000242850001200272990001700284990001700301990001700318YOGYA-0209000003788720150703100847.0 ind  a0010-020900000037887 a352bMar K aMARSONO aKepala daerah pilihan rakyatcdisusun oleh Marsono aJakartabEka Jayac2005 aviii, 452 hlm. ;c21 cm aKepala daerah - Pemilihan aYOPDYOG a9781-PD/B.05 a9782-PD/B.05 a1124-PK/B.05